000 00514nam a2200181Ia 4500
008 240729s9999 xx 000 0 und d
022 _a1576-8597
245 0 _aPsicológica
260 _aSpain
260 _bDIGITAL.CSIC
650 _a Consciousness. Cognition
650 _a Philology. Linguistics | Philosophy. Psychology. Religion
650 _a Psychology
650 _aLanguage and Literature
856 _uhttps://doaj.org/toc/5f654e3b7f094f11a8893cf8a398e1df
942 _2ddc
942 _cDOAJEJ
999 _c66516
_d66516
945 _a1
_bMadushi Gamage
_c1
_dMadushi Gamage